LEADER 01024nam--2200325---450- 001 990005972900203316 005 20141022133816.0 035 $a000597290 035 $aUSA01000597290 035 $a(ALEPH)000597290USA01 035 $a000597290 100 $a20141022d1981----km-y0itay50------ba 101 0 $aita 102 $aIT 105 $a||||||||001yy 200 1 $aSannio$ePentri e Frentani dal VI al I sec. a. C.$eMostra tenuta a: Napoli, Museo archeologico nazionale, dicembre 1981 - Gennaio 1982 210 $aNapoli$cMinistero per i Beni culturali ed ambientali$d1981 215 $a116 p.$cill.$d24 cm 606 0 $aArcheologia$yNapoli$2BNCF 676 $a930.1 801 0$aIT$bsalbc$gISBD 912 $a990005972900203316 951 $aXI.5.B. 553$b246246 L.M.$cXI.5.B.$d356330 959 $aBK 969 $aUMA 979 $aPASSARO$b90$c20141022$lUSA01$h1335 979 $aPASSARO$b90$c20141022$lUSA01$h1337 979 $aPASSARO$b90$c20141022$lUSA01$h1338 996 $aSannio$9296005 997 $aUNISA LEADER 01201nam2 22002773i 450 001 VAN0105979 005 20160712024939.494 010 $a978-88-243-2133-4 100 $a20160712d2012 |0itac50 ba 101 $aita 102 $aIT 105 $a|||| ||||| 200 1 $aˆ1: La ‰struttura giuridica$fFranco Vallocchia 210 $aNapoli$cJovene$d2012 215 $aXI, 126 p.$d24 cm. 410 1$1001VAN0066914$12001 $aPubblicazioni del Dipartimento di scienze giuridiche, Università degli studi di Roma La Sapienza$1210 $aNapoli$cJovene.$v71 461 1$1001VAN0105978$12001 $aStudi sugli acquedotti pubblici romani$fFranco Vallocchia$1210 $aNapoli$cJovene$1215 $a2 volumi$d24 cm.$v1 620 $dNapoli$3VANL000005 700 1$aVallocchia$bFranco$3VANV082334$0505321 712 $aJovene $3VANV107888$4650 801 $aIT$bSOL$c20230707$gRICA 899 $aBIBLIOTECA DEL DIPARTIMENTO DI GIURISPRUDENZA$1IT-CE0105$2VAN00 912 $aVAN0105979 950 $aBIBLIOTECA DEL DIPARTIMENTO DI GIURISPRUDENZA$d00CONS VIII.Eo.891 71 $e00UBG1066 20160712 996 $aStruttura giuridica$91439804 997 $aUNICAMPANIA